The tomb of Kheruef : Theban tomb 192 /

محفوظ في:

مؤلفون مشاركون: University of Chicago. Oriental Institute. Epigraphic Survey, Egypt. Maṣlaḥat al-Āthār.

التنسيق: كتاب

اللغة: English

سلاسل: University of Chicago Oriental Institute publications, 102.

الموضوعات:

الوسوم: إضافة وسم

لا توجد وسوم, كن أول من يضع وسما على هذه التسجيلة!

رقم الطلب: (O.S.)DT73 .T3 C44 1980

LEADER 01395namaa2200337 4500
001 18152
003 OSt
005 20210110071932.0
008 130303s1980 ilua g b 000 0 eng d
952 |0 0  |1 0  |2 lcc  |3 V.102  |4 0  |7 1  |9 9301  |a ARCE  |b ARCE  |d 2021-01-10  |l 0  |o (O.S.)DT73 .T3 C44 1980  |p 1018106  |r 2021-01-10 00:00:00  |w 2021-01-10  |y BK 
999 |c 17683  |d 17683 
020 |a 0918986230 (pbk.) 
040 |c ARCE Library 
043 |a f-ua--- 
050 0 4 |a (O.S.)DT73 .T3 C44 1980 
110 2 |a University of Chicago.  |b Oriental Institute.  |b Epigraphic Survey, 
245 1 4 |a The tomb of Kheruef :  |b Theban tomb 192 /  |c by the Epigraphic Survey in cooperation with the Department of Antiquities of Egypt. 
264 1 |a Chicago, Ill. :  |b Oriental Institute of the University of Chicago,  |c c1980. 
300 |a xx, 80 pages :  |b illustrations ;  |c 40 cm. 
336 |a text  |b txt  |2 rdacontent 
337 |a unmediated  |b n  |2 rdamedia 
338 |a volume  |b nc  |2 rdacarrier 
490 1 |a University of Chicago Oriental Institute publications,   |x 0069-3367 ;   |v 102. 
504 |a Includes bibliographic references. 
650 0 |a Tombs  |z Egypt  |z Thebes (Extinct city) 
650 0 |a Kheruef  |x Tomb.  |9 9520 
651 0 |a Thebes (Egypt : Extinct city) 
710 1 |a Egypt.  |b Maṣlaḥat al-Āthār. 
830 4 |a University of Chicago Oriental Institute publications,   |x 0069-3367 ;   |v 102. 
901 |a reviewed 
942 |c BK  |2 lcc